000
00224nam a2200085Ia 4500
245
0
_a
Inzima le ndlela
100
_a
Madlala, Njabulo P Pietermarizburg, 2009
942
_c
BK
008
210817s9999 xx 000 0 und d
999
_c
283118
_d
283117